CHIHIRO - Billie Eilish (All Lyrics) - Statistics

General Stats
  • This quiz has been taken 233 times
  • The average score is 265 of 322
Answer Stats
Lyrics % Correct
I
98%
"I
98%
you
98%
You
98%
a
95%
Do
95%
my
95%
My
95%
away
94%
away?
94%
know
94%
the
94%
To
94%
to
94%
When
94%
when
94%
Open
93%
open
93%
take
93%
can
92%
door,
92%
door?
92%
love
92%
Said
92%
said
92%
Said,
92%
said,
92%
up
92%
for
91%
me
91%
me?
91%
Me
91%
From
90%
it
90%
say?
90%
say
90%
"No,
89%
what
89%
Did
88%
be
87%
in
87%
Not
87%
not
87%
was
87%
around,
86%
before
86%
today,
86%
tomorrow
86%
any
84%
can't
84%
come
84%
feel
84%
more
84%
told
83%
maybe
82%
won't
82%
back
81%
cope
81%
don't,
81%
don't
81%
forget
81%
name
81%
that
81%
that"
81%
with
80%
it's
79%
will
78%
sorrow
77%
feelin'
76%
strange,
76%
your
76%
Kinda
75%
store
75%
sure,
74%
at
73%
borrow
73%
could
73%
all
72%
And
72%
change,
72%
face
69%
hope
69%
what's
69%
but
68%
But
68%
wasn't
68%
show
67%
you'd
67%
now,
65%
Now
65%
that's
65%
were
65%
Were
65%
found
63%
too?
63%
garden
61%
serious
61%
serious?
61%
serious,
61%
war,
61%
turn
60%
got
59%
waitin'
58%
looked
56%
Saw
56%
I'm
55%
of
55%
part
54%
why
54%
there's
53%
break"
52%
recognizes
52%
alone
51%
need
51%
pardon
51%
takin'
51%
beg
50%
called
50%
counter
50%
curious
49%
if
49%
They
49%
they
49%
hands
47%
Contemplatin',
46%
How
46%
lap
46%
gone
45%
been
43%
only
43%
trap
43%
tell
42%
seat
39%
Wringing
39%
you'll
39%
make
34%
returned,
29%
No matching quizzes found
Score Distribution
Percent of People with Each Score
Percentile by Number Answered
Your Score History
You have not taken this quiz